Statistics for U.S. States With Taco Bell Cantinas

Click here to take the quiz!

General Stats

  • This quiz has been taken 7 times
  • The average score is 13 of 16

Answer Stats

LocationsState% Correct
2Arizona
100%
10California
100%
2Florida
100%
10Illinois
100%
1Massachusetts
100%
1Nevada
100%
13New York
100%
1Texas
100%
1Wisconsin
100%
1Connecticut
80%
2Ohio
80%
1Tennessee
80%
2Virginia
80%
1Missouri
60%
1Alabama
40%
1Montana
20%

Score Distribution

Percentile by Number Answered

Percent of People with Each Score

Your Score History

You have not taken this quiz